000 00413nam a2200157Ia 4500
008 230917s9999||||xx |||||||||||||| ||und||
020 _cRS150
040 _e13288
_aMAIN
041 _aEnglish
082 _a301.35 S23C
100 _aSharma, Madan Lal, ed.
245 0 _aCaste and class in Agrarian society: Dynamic of rural developmenta
260 _aDelhi
_bAjanta
_c1985
300 _axv,256 p.
942 _cBK
999 _c48703
_d48703